000 00677nam a22002417a 4500
001 BR7314157
003 BR-BrBNA
005 20230928084254.0
007 ta
008 230509b bl.||||| |||| 00| 0 por d
040 _aBR-BrBNA
_bpor
_cBiblioteca Nacional de Agricultura
041 _a(Por)
072 _aN20
090 _ N20 BR7314157
110 1 _aCompanhia Agropecuaria de Fomento Economico do Parana, Curitiba (Brasil)
_92271
245 1 _aProjeto de mecanizacao agricola
260 3 _aCuritiba, PR (Brasil):
_c1969.
300 _a99 p.
650 _aEQUIPAMENTO RURAL
650 _aMECANIZACAO AGRICOLA
909 _a202309
_bLucia
_c55
_dLucia Elande
942 _cBK
999 _c17839
_d17839